Skład reprezentacji Polski! - Statystyki

Ogólne statystyki
  • Ten quiz został rozwiązany 3 820 razy
  • Średni wynik to 11 z 23
Statystyki odpowiedzi
Pozycja Zawodnik % Poprawnych
Bramkarz Szczęsny
98%
Napastnik Lewandowski
93%
Napastnik Milik
78%
Bramkarz Fabiański
76%
Obrońca Glik
76%
Pomocnik Zieliński
73%
Bramkarz Skorupski
70%
Obrońca Bednarek
64%
Pomocnik Krychowiak
64%
Napastnik Piątek
63%
Napastnik Grosicki
50%
Obrońca Bereszynski
47%
Pomocnik Szymański
41%
Pomocnik Moder
31%
Pomocnik Linetty
27%
Obrońca Rybus
27%
Napastnik Jóźwiak
24%
Pomocnik Klich
24%
Obrońca Kędziora
23%
Obrońca Reca
16%
Napastnik Płacheta
12%
Obrońca Walukiewicz
12%
Obrońca Bochniewicz
7%
Nie znaleziono quizów pasujących do podanych kryteriów
Rozkład punktacji
Procent ludzi z każdym wynikiem
Percentyl według liczby udzielonych odpowiedzi
Twoja historia wyników
Nie rozwiązałeś tego quizu